A lost battle / (Registro nro. 22188)

Detalles MARC
000 -LEADER
campo de control de longitud fija 00442nam a2200157 i 4500
001 - NÚMERO DE CONTROL
campo de control 22188
003 - IDENTIFICADOR DE NÚMERO DE CONTROL
campo de control ES-MaACL
007 - CAMPO FIJO DE DESCRIPCIÓN FÍSICA--INFORMACIÓN GENERAL
campo de control de longitud fija t|
008 - DATOS DE LONGITUD FIJA--INFORMACIÓN GENERAL
campo de control de longitud fija 030131s1878 xxk ||||1| eng d
100 1# - ENTRADA PRINCIPAL--NOMBRE DE PERSONA
Nombre de persona Price, Eleanor C.
9 (RLIN) 93838
245 12 - MENCIÓN DEL TÍTULO
Título A lost battle /
Mención de responsabilidad, etc. [Eleanor C. Price].
260 ## - PUBLICACIÓN, DISTRIBUCIÓN, ETC.
Lugar de publicación, distribución, etc. Leipzig :
Nombre del editor, distribuidor, etc. Bernhard Tauchnitz,
Fecha de publicación, distribución, etc. 1878.
300 ## - DESCRIPCIÓN FÍSICA
Extensión 1 vol. ;
Dimensiones 16 cm.
500 ## - NOTA GENERAL
Nota general El encabezamiento tomado del Brit. Mus. Cat.
852 ## - LOCALIZACIÓN
Ubicación ES-MaACL
Número de control de estantería G-12827
Existencias
Estatus retirado Estado de pérdida Estado de daño No para préstamo Colección Biblioteca de origen Biblioteca actual Ubicación en estantería Fecha de adquisición Fuente de adquisición Total de préstamos Signatura topográfica completa Código de barras Visto por última vez Precio de reemplazo Tipo de ítem Koha
        Libros del s. XIX Biblioteca del Ateneo de Madrid Biblioteca del Ateneo de Madrid Sala Pecera Planta 3 17/01/2008     G-12827 1022832 23/02/2023 23/02/2023 Libro impreso antiguo